[Event "Crailsheim op 4th"]
[Site "Crailsheim"]
[Date "1998.??.??"]
[Round "?"]
[White "Timeus, Frank"]
[Black "Duering, Michael"]
[Result "1-0"]
[WhiteElo "1895"]
[BlackElo "1650"]
[PlyCount "41"]
[EventDate "1998.05.??"]
[EventType "swiss"]
[EventRounds "7"]
[EventCountry "GER"]
[SourceTitle "EXT 2006"]
[Source "ChessBase"]
[SourceDate "2005.11.24"]
[SourceVersion "1"]
[SourceVersionDate "2005.11.24"]
[SourceQuality "1"]

1. e4 d6 2. d4 g6 3. c4 Bg7 4. Nc3 Nf6 5. f3 0-0 6. Be3 a6 7. Bd3 Nbd7 8. Nh3 c6 9. a4 c5 10. d5 Ne5 11. Nf2 b6 12. Qd2 Rb8 13. Be2 Qc7 14. Bh6 Bd7 15. h4 Qc8 16. h5 Bxh6 17. Qxh6 Nxh5 18. g4 Nf6 19. Rh4 b5 20. f4 Nxc4 21. g5 1-0